| 000 | 00817nam a2200229 a 4500 | ||
|---|---|---|---|
| 001 | 40343 | ||
| 003 | BD-RjUL | ||
| 005 | 20211209053209.0 | ||
| 008 | 160428s2013 ii ||||| |||| 00| 0 ben d | ||
| 020 |
_a8184370482 _c: IRs 550.00 |
||
| 035 | _a(BD-RjUL)40458 | ||
| 040 |
_aBD-RjUL _bben _cBD-RjUL |
||
| 041 | _aben | ||
| 082 |
_223 _a891.443 _bROK 2013 |
||
| 100 |
_aরায়, প্রফুল্ল _9124287 |
||
| 245 | 1 | 0 |
_aকেয়াপাতার নৌকো / _b _cপ্রফুল্ল রায় |
| 260 |
_aকলকাতা : _bকরুণা প্রকাশনী, _c২০১৩ |
||
| 300 |
_a৬৬৩ পৃ. : _bচিএ ; _c২৩ সেমি. |
||
| 650 |
_aBengali Fiction _9124288 |
||
| 650 |
_aবাংলা উপন্যাস _9124289 |
||
| 942 |
_2ddc _cBK _05 |
||
| 999 |
_c40343 _d40343 |
||